<?xml version="1.0" encoding="UTF-8"?>
<record
    xmlns:xsi="http://www.w3.org/2001/XMLSchema-instance"
    xsi:schemaLocation="http://www.loc.gov/MARC21/slim http://www.loc.gov/standards/marcxml/schema/MARC21slim.xsd"
    xmlns="http://www.loc.gov/MARC21/slim">

  <leader>03457    a2200277   4500</leader>
  <controlfield tag="001">36419</controlfield>
  <controlfield tag="005">20260407155639.0</controlfield>
  <controlfield tag="008">260407a1991    arg                 spa d</controlfield>
  <controlfield tag="003">AR-UNSa-BCEJYS</controlfield>
  <datafield tag="040" ind1=" " ind2=" ">
    <subfield code="a">AR-UNSa-BCEJYS</subfield>
    <subfield code="b">spa</subfield>
    <subfield code="c">AR-UNSa-BCEJYS</subfield>
  </datafield>
  <datafield tag="080" ind1=" " ind2=" ">
    <subfield code="a">338.246</subfield>
    <subfield code="x">Medidas econ&#xF3;micas. Instrumentos de la pol&#xED;tica econ&#xF3;mica (Privatizaci&#xF3;n))</subfield>
  </datafield>
  <datafield tag="245" ind1="1" ind2="0">
    <subfield code="a">Reforma del Estado y privatizaciones</subfield>
  </datafield>
  <datafield tag="020" ind1=" " ind2=" ">
    <subfield code="a">950-508-342-4</subfield>
  </datafield>
  <datafield tag="264" ind1=" " ind2="1">
    <subfield code="a">Buenos Aires :</subfield>
    <subfield code="b">Astrea</subfield>
    <subfield code="c">1991</subfield>
  </datafield>
  <datafield tag="300" ind1=" " ind2=" ">
    <subfield code="a">3 v.</subfield>
    <subfield code="c">23 cm.</subfield>
  </datafield>
  <datafield tag="505" ind1=" " ind2=" ">
    <subfield code="a">Vol. I: Primera Parte: Regimen Juridico de la Reforma del Estado y las Privatizaciones  - 1. Organizaci&#xF3;n del Estado. -- 2.Intervenci&#xF3;n Econ&#xF3;mica.-- 3. Libertad Econ&#xF3;mica -- 4. Razones para la reforma --5.Reforma Administrativa --6.Reforma en la Historia Reciente -- 7. Reforma y Transformaci&#xF3;n -- 8. Motivos de la nueva Legislaci&#xF3;n -- 9. La Reforma del Estado en el Nuevo Derecho. -- 10. Reforma y Emergencia Juridica -- 11. Reforma posible -- 12. Estarategia para la Reforma -- 13. Instrumento -- 14. Procedimiento -- 15. Reforma y Racionalizaci&#xF3;n -- 16. Reforma y Naci&#xF3;n -- 17. Reforma, Provincia i Municipio -- 18. Reforma y cooperativas -- 19. Reforma y Sindicatos -- 20. Constitucionalidad de la Reforma.-- Segunda Parte: Leyes -- Tercera Parte: Decretos de Reestructuraci&#xF3;n y Racionalizaci&#xF3;n -- Cuarta Parte: Decretos Planes y Resoluciones Complementarias Relativos al Regimen de Privatizaci&#xF3;n. -- Quinta Parte: Resoluciones. -- Sexta Parte: La Reforma y la Jurisprudencia -- Vol. II: Parte S&#xE9;ptima: R&#xE9;gimen Jur&#xED;dico del Pliego - 1. Concepto - 2. Contenido- 3. Clases - 4. Forma Jur&#xED;dica - 5. Clausulas obligatorias y clausulas prohibidas - 6. Estabilidad y modificaci&#xF3;n  - 7. Vicios - 8. El Pliego es la ley del contrato y la fuente de interpretacion - 9. Hacia una teor&#xED;a general de los pliegos de condiciones -- Parte Octava: Ferrocarriles Argentinos -- Parte Novena: Empresa Nacional de Telecomunicaciones (ENTEL) -- Parte D&#xE9;cima: Direcci&#xF3;n Nacional de Vialidad -- Parte Und&#xE9;cima: Yacimientos Petrol&#xED;feros Fiscales -- Parte Duod&#xE9;cima: Aerol&#xED;neas Argentinas Sociedad del Estado. Su participaci&#xF3;n accionaria en Buenos Aires Catering Sociedad An&#xF3;nima y en la empresa operadora mayorista de servicios tur&#xED;sticos Sociedad del Estado (OPTAR) -- Parte Decimotercera: Energ&#xED;a Electrica. Centrales Termicas -- Parte Decimocuarta: Radiodifusi&#xF3;n y televisi&#xF3;n -- Parte Decimoquinta: Defensa -- Vol. III: Primera Parte: Regimen Juridico de los Contratos Administrativos -1. Concepto -2. Elementos -3. Caracteres -4. Formaci&#xF3;n -5. Ejecuci&#xF3;n -6. Conclusi&#xF3;n -7. Clases --. Decimos&#xE9;ptima Parte: Ferrocarriles Argentinos --. Decimoctava Parte: Empresa Nacional de Telecomunicaciones --. Decimonovena Parte: Direcci&#xF3;n Nacional de Vialidad --. Vigecima Parte: Yacimientos Petroliferos Fizcales --. Vigecimoprimera Parte: Aerolineas Argentinas --.Vigecimosegunda Parte: Energia Electrica --. Vigecimotercera Parte: Televsi&#xF3;n y Radiodifusi&#xF3;n --. Vigecimocuarta:Defensa --. Vigecimoquinta: Ente Tripartito Corporaci&#xF3;n Antiguo Puerto Madero S.A</subfield>
  </datafield>
  <datafield tag="041" ind1=" " ind2=" ">
    <subfield code="a">spa</subfield>
  </datafield>
  <datafield tag="942" ind1=" " ind2=" ">
    <subfield code="c">BK</subfield>
  </datafield>
  <datafield tag="590" ind1=" " ind2=" ">
    <subfield code="a">niveau_biblio:m niveau_hierar:0</subfield>
  </datafield>
  <datafield tag="100" ind1="1" ind2=" ">
    <subfield code="a">Dromi, Jos&#xE9; Roberto</subfield>
  </datafield>
  <datafield tag="700" ind1="1" ind2=" ">
    <subfield code="a">Barra, Rodolfo Carlos</subfield>
  </datafield>
  <datafield tag="700" ind1="1" ind2=" ">
    <subfield code="a">Cassagne, Juan Carlos</subfield>
  </datafield>
  <datafield tag="700" ind1="1" ind2=" ">
    <subfield code="a">Creo Bay, Horacio D.</subfield>
  </datafield>
  <datafield tag="700" ind1="1" ind2=" ">
    <subfield code="a">Mairal, H&#xE9;ctor A.</subfield>
  </datafield>
  <datafield tag="856" ind1="4" ind2="1">
    <subfield code="u">https://biblioeco.unsa.edu.ar/pmb/images/libros/L125318.jpg</subfield>
    <subfield code="y">Imagen de portada</subfield>
    <subfield code="q">image/jpeg</subfield>
  </datafield>
  <datafield tag="999" ind1=" " ind2=" ">
    <subfield code="c">2648</subfield>
    <subfield code="d">2648</subfield>
  </datafield>
  <datafield tag="952" ind1=" " ind2=" ">
    <subfield code="0">0</subfield>
    <subfield code="1">0</subfield>
    <subfield code="4">0</subfield>
    <subfield code="7">0</subfield>
    <subfield code="a">BCEJYS</subfield>
    <subfield code="b">BCEJYS</subfield>
    <subfield code="c">16</subfield>
    <subfield code="d">2026-04-07</subfield>
    <subfield code="l">0</subfield>
    <subfield code="o">338.246 D786 v.1</subfield>
    <subfield code="p">L58766</subfield>
    <subfield code="r">2026-04-07 15:56:39</subfield>
    <subfield code="w">2026-04-07</subfield>
    <subfield code="y">L</subfield>
  </datafield>
  <datafield tag="952" ind1=" " ind2=" ">
    <subfield code="0">0</subfield>
    <subfield code="1">0</subfield>
    <subfield code="4">0</subfield>
    <subfield code="7">0</subfield>
    <subfield code="a">BCEJYS</subfield>
    <subfield code="b">BCEJYS</subfield>
    <subfield code="c">16</subfield>
    <subfield code="d">2026-04-07</subfield>
    <subfield code="l">0</subfield>
    <subfield code="o">338.246 D786 v.2</subfield>
    <subfield code="p">L58767</subfield>
    <subfield code="r">2026-04-07 15:56:39</subfield>
    <subfield code="w">2026-04-07</subfield>
    <subfield code="y">L</subfield>
  </datafield>
  <datafield tag="952" ind1=" " ind2=" ">
    <subfield code="0">0</subfield>
    <subfield code="1">0</subfield>
    <subfield code="4">0</subfield>
    <subfield code="7">0</subfield>
    <subfield code="a">BCEJYS</subfield>
    <subfield code="b">BCEJYS</subfield>
    <subfield code="c">16</subfield>
    <subfield code="d">2026-04-07</subfield>
    <subfield code="l">0</subfield>
    <subfield code="o">338.246 D786 v.3</subfield>
    <subfield code="p">L58768</subfield>
    <subfield code="r">2026-04-07 15:56:39</subfield>
    <subfield code="w">2026-04-07</subfield>
    <subfield code="y">L</subfield>
  </datafield>
  <datafield tag="952" ind1=" " ind2=" ">
    <subfield code="0">0</subfield>
    <subfield code="1">0</subfield>
    <subfield code="4">0</subfield>
    <subfield code="7">0</subfield>
    <subfield code="a">BCEJYS</subfield>
    <subfield code="b">BCEJYS</subfield>
    <subfield code="c">16</subfield>
    <subfield code="d">2026-04-07</subfield>
    <subfield code="l">0</subfield>
    <subfield code="o">338.246 D786 v.3</subfield>
    <subfield code="p">L125318</subfield>
    <subfield code="r">2026-04-07 15:56:39</subfield>
    <subfield code="w">2026-04-07</subfield>
    <subfield code="y">L</subfield>
  </datafield>
</record>
